| 000 -LEADER |
| fixed length control field |
00989nam a22002897a 4500 |
| 001 - CONTROL NUMBER |
| control field |
15915037 |
| 003 - CONTROL NUMBER IDENTIFIER |
| control field |
OSt |
| 005 - DATE AND TIME OF LATEST TRANSACTION |
| control field |
20210421063351.0 |
| 008 - FIXED-LENGTH DATA ELEMENTS--GENERAL INFORMATION |
| fixed length control field |
090921s2010 ctua 001 0 eng |
| 010 ## - LIBRARY OF CONGRESS CONTROL NUMBER |
| LC control number |
2009037998 |
| 020 ## - INTERNATIONAL STANDARD BOOK NUMBER |
| International Standard Book Number |
9780300155334 (alk. paper) |
| 040 ## - CATALOGING SOURCE |
| Original cataloging agency |
eng |
| Transcribing agency |
DLC |
| Modifying agency |
eng |
| Language of cataloging |
eng |
| 050 00 - LIBRARY OF CONGRESS CALL NUMBER |
| Classification number |
P112 |
| Item number |
.C74 2010 |
| 080 ## - UNIVERSAL DECIMAL CLASSIFICATION NUMBER |
| Universal Decimal Classification number |
811 |
| Item number |
C-81 |
| 082 00 - DEWEY DECIMAL CLASSIFICATION NUMBER |
| Classification number |
400 |
| Edition number |
22 |
| 100 1# - MAIN ENTRY--PERSONAL NAME |
| Personal name |
Crystal, David, |
| Dates associated with a name |
1941- |
| 245 12 - TITLE STATEMENT |
| Title |
A little book of language / |
| Statement of responsibility, etc. |
David Crystal. |
| 260 ## - PUBLICATION, DISTRIBUTION, ETC. |
| Place of publication, distribution, etc. |
New Haven : |
| Name of publisher, distributor, etc. |
Yale University Press, |
| Date of publication, distribution, etc. |
2010. |
| 300 ## - PHYSICAL DESCRIPTION |
| Extent |
vii, 260 p. : |
| Other physical details |
ill. ; |
| Dimensions |
22 cm. |
| 504 ## - BIBLIOGRAPHY, ETC. NOTE |
| Bibliography, etc. note |
Includes bibliographical references and index. |
| 650 #0 - SUBJECT ADDED ENTRY--TOPICAL TERM |
| Topical term or geographic name entry element |
Language and languages. |
| 650 #0 - SUBJECT ADDED ENTRY--TOPICAL TERM |
| Topical term or geographic name entry element |
Linguistics |
| 9 (RLIN) |
445 |
| 653 ## - INDEX TERM--UNCONTROLLED |
| Uncontrolled term |
ლინგვისტიკა |
| 906 ## - LOCAL DATA ELEMENT F, LDF (RLIN) |
| a |
7 |
| b |
cbc |
| c |
orignew |
| d |
1 |
| e |
ecip |
| f |
20 |
| g |
y-gencatlg |
| 942 ## - ADDED ENTRY ELEMENTS (KOHA) |
| Source of classification or shelving scheme |
|
| Koha item type |
Books |